Les Magasins de grande surface - Statistiques

Statistiques générales
  • Ce quiz a été pris 190 fois
  • Le résultat moyen est 5 sur 15
Answers on the Grid
Answers color-coded by a green-red scale on the quiz's grid according to % correct below.
Carrefour
Auchan
Leclerc
Careffour
Leclair
Aldi
Cocci market
Leclere
Hyper U
Ochamp
Casino
Cora
Lidl
Super U
Liddle
Spar
Shell
Chel
Schelle
Schell
Spart
çpart
Caura
Casinaux
Penny
Pennie
roupie
Toupie
Bilka
Milka
Netto
Neto
Nettau
Netau
HiperDino
HyperDino
Mercadona
Mercatonna
A'tabll
 
Statistiques - réponses
Réponse % Correct
Auchan
54%
Carrefour
54%
Leclerc
51%
Super U
46%
Aldi
44%
Casino
44%
Hyper U
43%
Lidl
43%
Netto
30%
Spar
26%
Cocci market
19%
Mercadona
7%
HiperDino
1%
Penny
1%
Bilka
0%
Aucun quiz correspondant
Distribution des résultats
% des personnes avec chaque résultat
Percentile par nombre de réponses
Votre historique - résultats
Vous n’avez pas pris ce quiz